How Many Easy #1 - Statistics

General Stats
  • This quiz has been taken 27 times
  • The average score is 68 of 81
Answer Stats
Question Tile Select % Correct
How many spice girls are there 7 No
96%
How many spice girls are there 8 No
96%
How many colors in a rainbow 8 No
96%
How many spice girls are there 9 No
96%
How many colors in a rainbow 9 No
96%
How many planets are there in the solar system 1 No
93%
What is IX 1 No
93%
How many colors in a rainbow 1 No
93%
How many planets are there in the solar system 2 No
93%
What is IX 2 No
93%
How many colors in a rainbow 2 No
93%
How many planets are there in the solar system 3 No
93%
What is IX 3 No
93%
How many colors in a rainbow 3 No
93%
What year of high school is a freshman 3 No
93%
How many planets are there in the solar system 4 No
93%
How many colors in a rainbow 4 No
93%
How many planets are there in the solar system 5 No
93%
How many colors in a rainbow 5 No
93%
What year of high school is a freshman 5 No
93%
How many planets are there in the solar system 6 No
93%
How many spice girls are there 6 No
93%
What year of high school is a freshman 6 No
93%
In a game of pickleball how many are on the court 6 No
93%
What is IX 7 No
93%
How many senators per state (U.S) 8 No
93%
How many Jurassic park movies are there 8 No
93%
How many senators per state (U.S) 9 No
93%
In a cup of coffee how many milligrams of caffeine are there (divided by 10) 9 No
93%
In a game of pickleball how many are on the court 9 No
93%
How many Jurassic park movies are there 9 No
93%
How many spice girls are there 1 No
89%
In a game of pickleball how many are on the court 1 No
89%
How many Jurassic park movies are there 1 No
89%
How many spice girls are there 2 No
89%
In a cup of coffee how many milligrams of caffeine are there (divided by 10) 2 No
89%
What year of high school is a freshman 2 No
89%
How many senators per state (U.S) 3 No
89%
In a game of pickleball how many are on the court 3 No
89%
What is IX 4 No
89%
What year of high school is a freshman 4 No
89%
What is IX 5 No
89%
How many senators per state (U.S) 5 No
89%
What is IX 6 No
89%
How many senators per state (U.S) 7 No
89%
What year of high school is a freshman 7 No
89%
In a game of pickleball how many are on the court 7 No
89%
How many planets are there in the solar system 8 Yes
89%
What is IX 8 No
89%
What year of high school is a freshman 8 No
89%
In a cup of coffee how many milligrams of caffeine are there (divided by 10) 1 No
85%
In a game of pickleball how many are on the court 2 No
85%
How many senators per state (U.S) 4 No
85%
In a cup of coffee how many milligrams of caffeine are there (divided by 10) 4 No
85%
How many Jurassic park movies are there 5 No
85%
How many senators per state (U.S) 6 No
85%
How many planets are there in the solar system 7 No
85%
In a game of pickleball how many are on the court 8 No
85%
What is IX 9 Yes
85%
How many Jurassic park movies are there 2 No
81%
How many Jurassic park movies are there 4 No
81%
In a game of pickleball how many are on the court 5 No
81%
In a cup of coffee how many milligrams of caffeine are there (divided by 10) 7 No
81%
In a cup of coffee how many milligrams of caffeine are there (divided by 10) 8 No
81%
How many spice girls are there 3 No
78%
How many Jurassic park movies are there 7 No
78%
How many senators per state (U.S) 1 No
74%
How many colors in a rainbow 7 Yes
74%
In a game of pickleball how many are on the court 4 Yes
70%
How many colors in a rainbow 6 No
70%
What year of high school is a freshman 9 No
70%
How many senators per state (U.S) 2 Yes
67%
In a cup of coffee how many milligrams of caffeine are there (divided by 10) 3 No
67%
How many spice girls are there 4 No
67%
In a cup of coffee how many milligrams of caffeine are there (divided by 10) 5 No
67%
How many Jurassic park movies are there 6 No
67%
What year of high school is a freshman 1 Yes
59%
How many spice girls are there 5 Yes
59%
How many Jurassic park movies are there 3 Yes
41%
In a cup of coffee how many milligrams of caffeine are there (divided by 10) 6 Yes
19%
How many planets are there in the solar system 9 Yes
7%
No matching quizzes found
Score Distribution
Percent of People with Each Score
Percentile by Number Answered
Your Score History
You have not taken this quiz